000 00274nam a22001217a 4500
008 170713b xxu||||| |||| 00| 0 eng d
041 _aeng
080 _a16
100 _a24
101 _aFIL
245 _aANN ARCHEOLOGY OF HUMAN SCIENCES
_cFOUCAULT.M
942 _2udc
_cBK
999 _c20587
_d20587